| 000 | 00987nam a22002177a 4500 | ||
|---|---|---|---|
| 005 | 20140827091030.0 | ||
| 008 | 140820|2003 xxu||||| |||| 00| 0 ck spa d | ||
| 041 | _aspa | ||
| 044 | _ack | ||
| 082 |
_a584 _bC82c |
||
| 110 |
_aColombia _bCorporación Autónoma Regional del Quindío-CRQ _925926 |
||
| 245 |
_aConociendo La Palma de Cera: _bÁrbol Nacional de Colombia _cCorporación Autónoma Regional del Quindío-CRQ |
||
| 260 |
_aQuindío, Colombia _bCorporación Autónoma Regional del Quindío-CRQ _bCorporación Autónoma Regional del Tolima-CORTOLIMA _bCorporación Autónoma Regional del Valle del Cauca-CVC _bCARDER _bCORPOCALDAS _bCORANTIOQUIA _c2003 |
||
| 300 |
_a31 p. _bFot., mapas. _c28 cm. |
||
| 504 | _aIncluye referencias bibliográficas (pag 30-31) | ||
| 650 | 6 |
_aPalma de cera _xCultivo _925927 |
|
| 650 | 6 |
_aConservación de los recursos naturales _925928 |
|
| 650 | 6 |
_aConservación de bosques _925929 |
|
| 700 |
_aGarzón-Rivera, Patricia _925744 |
||
| 942 |
_2ddc _cLIBRO |
||
| 999 |
_c8613 _d8613 |
||